|
|
|
|
| LEADER |
01099nam a2200265 u 4500 |
| 001 |
10118734 |
| 003 |
upatras |
| 005 |
20210117205708.0 |
| 008 |
160113s1968 uk eng |
| 040 |
|
|
|a GR-PaULI
|c GR-PaULI
|
| 041 |
0 |
|
|a eng
|
| 082 |
0 |
4 |
|a 574.192 9
|
| 245 |
1 |
0 |
|a Porphyrins and related compounds
|b Biochemical Society symposium no. 28 held in London, April, 1968
|c ; organised and edited by T. W. Goodwin
|
| 260 |
|
|
|a London
|b Academic Press
|c 1968
|
| 300 |
|
|
|a ix, 174 σ.
|c 26 εκ.
|
| 490 |
1 |
|
|a Biochemical Society symposia
|v 28
|
| 504 |
|
|
|a Περιέχει βιβλιογραφία
|
| 650 |
|
4 |
|a Πορφυρίνες
|9 47225
|
| 700 |
1 |
|
|a Goodwin, T. W.
|q ((Trevor Walworth))
|4 edt
|9 86435
|
| 760 |
1 |
|
|a Biochemical Society Symposium
|
| 852 |
|
|
|a GR-PaULI
|b ΠΑΤΡΑ
|b ΒΚΠ
|b ΒΣ1
|k ΑΣΧΞ
|h 574.192 9 POR
|m 03311
|p 025000249089
|t 1
|
| 942 |
|
|
|2 ddc
|c BK15
|
| 952 |
|
|
|0 0
|1 0
|4 0
|6 574_192000000000000_9_POR
|7 0
|9 187724
|a LISP
|b LISP
|c BSC
|d 2016-04-24
|i 03311
|l 0
|o 574.192 9 POR
|p 025000249089
|r 2016-04-24 00:00:00
|t 1
|w 2016-04-24
|y BK15
|
| 998 |
|
|
|c ΜΠΟΥΡΑΣ
|d 2016-01
|
| 999 |
|
|
|c 115785
|d 115785
|